Souverains connus dans One Piece - Statistiques

Statistiques générales
  • Ce quiz a été pris 71 fois
    38 depuis la dernière actualisation
  • Le résultat moyen est 20 sur 56
Statistiques - réponses
Souverains dans One Piece % Correct
Nefertari Cobra
96%
Don Quichotte Doflamingo
88%
Neptune
85%
Wapol
77%
Nefertari Vivi
73%
Nerona Imu
73%
Charlotte Linlin
65%
Dalton
65%
Kozuki Momonosuke
65%
Kurozumi Orochi
65%
Stelly
65%
Otohime
62%
Riku Doldo III
54%
Bartholomew Kuma
50%
Elizabello II
50%
Inuarashi
50%
Nefertari Titi
50%
Nekomamushi
50%
Boa Hancock
42%
Vinsmoke Judge
42%
Emporio Ivankov
38%
Harald
35%
Nefertari Lillie
35%
Tacos
35%
Tea IV
35%
Ham Burger
27%
Kourbett
27%
Kozuki Sukiyaki
27%
Beer VI
23%
Jeep
23%
Kinderella
23%
Mari
23%
Nyon
23%
Potaufeu
23%
Ramen
23%
Samosa
23%
Cezar
19%
Chap
19%
Couran
19%
Furrari
19%
Gancho
19%
Iwatobi
19%
Moqueca
19%
Sauce
19%
Seki
19%
Stroganoff
19%
Thalassa Lucas
19%
Lemoncheese
15%
Shakuyaku
15%
Vinsmoke Sora
15%
Ban Dedessinée
12%
Bulldog
12%
Conney
12%
Mororon
12%
Neggy
12%
Sally Entoilette
12%
Aucun quiz correspondant
Distribution des résultats
% des personnes avec chaque résultat
Percentile par nombre de réponses
Votre historique - résultats
Vous n’avez pas pris ce quiz depuis la dernière actualisation